00899 2200289 4500001002100000001002100021005001500042020002200057035002400079040001200103082002300115084002700138090001800165090002700183100002400210245007200234245006300306250001100369260003100380260003800411300007400449500001500523650002900538700001000567990001600577990001600593YOGYA000000000001181YOGYA00000000000118120140822085900 a978-602-8300-59-9 0010-081400000001221 aYOPDYOG 2[22]a398.20959823 aCoE 398.20959823 Dha P aT 632.9 Sud p aCoE 398.20959823 Dha P aDHANU PRIYO PRABOWO aPengendalian Serangga hama sayuran dan PalawijacSudarmo, Subiyakto aPutri Pembayunc/ Dhanu Priyo Prabowo ; penerjemah, Ahmad. aCet.1. aYogyakartabKanisiusc1997 aYogyakartabPustaka Pelajarc2009 ax, 178 hlm.b: ilus.c; 14x21 cm. --(seri cerita rakyat DIY) (3 eks.) aDwi bahasa aCerita rakyat Yogyakarta aAhmad a104695-P/98 a104696-P/98